[Event "RUS-ch Blitz Men 2018"]
[Site "Sochi"]
[Date "2018.10.07"]
[Round "8"]
[White "Savchenko, Boris"]
[Black "Ofitserian, Boris"]
[Result "1-0"]
[WhiteElo "2562"]
[BlackElo "2411"]
[Annotator "TA"]
[PlyCount "41"]
[EventDate "2018.10.07"]
[EventType "swiss"]
[EventCountry "RUS"]
[SourceTitle "playchess.com"]
[Source "ChessBase"]
[SourceQuality "1"]

1. e4 c5 2. Nf3 d6 3. d4 cxd4 4. Nxd4 Nf6 5. Nc3 a6 6. Bg5 Nbd7 7. Qe2 e6 8. O-O-O b5 9. f4 Qc7 10. g4 Bb7 11. Bg2 b4 12. Nd5 exd5 13. exd5+ Kd8 14. Rhe1 Kc8 15. Qe8+ Qd8 16. Qxf7 h6 17. Nc6 Qb6 18. Bxf6 gxf6 19. Rd4 a5 20. Rc4 Qb5 21. Na7+ 1-0

[Event "RUS-ch Blitz Men 2018"]
[Site "Sochi"]
[Date "2018.10.07"]
[Round "8"]
[White "Iljiushenok, Ilia"]
[Black "Inozemtsev, Sergei"]
[Result "1/2-1/2"]
[WhiteElo "2539"]
[BlackElo "2310"]
[Annotator "TA"]
[PlyCount "102"]
[EventDate "2018.10.07"]
[EventType "swiss"]
[EventCountry "RUS"]
[SourceTitle "playchess.com"]
[Source "ChessBase"]
[SourceQuality "1"]

1. e4 e6 2. d4 d5 3. Nc3 Bb4 4. e5 b6 5. Qg4 Bf8 6. h4 h5 7. Qg3 Qd7 8. Nh3 Ne7 9. Bd3 Ba6 10. Bg5 Bxd3 11. Qxd3 Nbc6 12. Nf4 Nf5 13. Nce2 Be7 14. Bxe7 Ncxe7 15. c3 c5 16. g3 g6 17. Kf1 Kf8 18. Kg2 Kg7 19. Ng1 Rac8 20. Nf3 cxd4 21. cxd4 Nc6 22. a3 Na5 23. b3 Nc6 24. b4 a5 25. b5 Nce7 26. Ne2 Rc7 27. Rhc1 Rhc8 28. Rxc7 Rxc7 29. Rc1 Qc8 30. Rxc7 Qxc7 31. a4 Nh6 32. Nd2 Nef5 33. Nc3 Ng4 34. Nf1 Qe7 35. f3 Ngh6 36. Ne2 Qb4 37. Qc2 Nxd4 38. Nxd4 Qxd4 39. f4 Nf5 40. Kf3 Qg1 41. Qd3 Qc5 42. Nd2 Qb4 43. g4 hxg4+ 44. Kxg4 Qxa4 45. Nf3 Qe4 46. Qc3 Qe2 47. Kh3 Ne3 48. Ne1 Qg4+ 49. Kh2 Qxh4+ 50. Kg1 Qg4+ 51. Kf2 Nd1+ 1/2-1/2

[Event "RUS-ch Blitz Men 2018"]
[Site "Sochi"]
[Date "2018.10.07"]
[Round "8"]
[White "Potapov, Pavel"]
[Black "Triapishko, Alexandr"]
[Result "1/2-1/2"]
[WhiteElo "2515"]
[BlackElo "2508"]
[Annotator "TA"]
[PlyCount "175"]
[EventDate "2018.10.07"]
[EventType "swiss"]
[EventCountry "RUS"]
[SourceTitle "playchess.com"]
[Source "ChessBase"]
[SourceQuality "1"]

1. Nf3 Nf6 2. g3 g6 3. Bg2 Bg7 4. O-O O-O 5. d3 c5 6. e4 Nc6 7. Nbd2 d6 8. Re1 Rb8 9. Nf1 b5 10. c3 b4 11. d4 bxc3 12. bxc3 cxd4 13. cxd4 Ba6 14. h3 Nd7 15. Ne3 Nc5 16. Nc2 Nd3 17. Re3 Nxc1 18. Rxc1 Bh6 19. Ra3 Be2 20. Qxe2 Bxc1 21. Rc3 Na5 22. d5 Bb2 23. Re3 Qb6 24. e5 Qb5 25. Qxb5 Rxb5 26. Nfd4 Rc5 27. exd6 exd6 28. Re2 Nc4 29. Nc6 a5 30. f4 Na3 31. Ne3 Bg7 32. f5 Nc4 33. Nxc4 Rxc4 34. Kh2 gxf5 35. Ne7+ Kh8 36. Nxf5 Be5 37. Bf3 Rfc8 38. Kg2 Rc2 39. Ne3 Rxe2+ 40. Bxe2 Rc3 41. Nc4 Bxg3 42. Nxa5 Bf4 43. Nc4 Rc2 44. Kf3 Rxa2 45. Kxf4 Rxe2 46. Nxd6 Kg7 47. Ne4 Kf8 48. d6 Ke8 49. Nf6+ Kd8 50. Nxh7 Kd7 51. Ng5 f6 52. Ne4 Ke6 53. d7 Kxd7 54. Nxf6+ Ke6 55. Ne4 Ra2 56. Nc5+ Kf6 57. Ne4+ Kg6 58. Ke5 Rh2 59. Kf4 Rxh3 60. Ke5 Rf3 61. Kd4 Kf5 62. Nd6+ Ke6 63. Ne4 Rf4 64. Ke3 Ke5 65. Nd2 Ra4 66. Nf3+ Kd5 67. Nd2 Ra3+ 68. Kf4 Rd3 69. Nf3 Ke6 70. Ke4 Ra3 71. Nd4+ Kf6 72. Kd5 Ra8 73. Ke4 Rd8 74. Nf3 Re8+ 75. Kf4 Ke6 76. Ke4 Rh8 77. Nd4+ Kd6 78. Nf5+ Kc5 79. Ke5 Rh1 80. Ke4 Re1+ 81. Ne3 Re2 82. Kd3 Rf2 83. Ke4 Kd6 84. Nf5+ Ke6 85. Nd4+ Kf6 86. Nf3 Ra2 87. Nd4 Ra4 88. Kd5 1/2-1/2

[Event "RUS-ch Blitz Men 2018"]
[Site "Sochi"]
[Date "2018.10.07"]
[Round "8"]
[White "Gabrielian, Artur"]
[Black "Pridorozhni, Aleksei"]
[Result "0-1"]
[WhiteElo "2499"]
[BlackElo "2574"]
[Annotator "ChessBase"]
[PlyCount "79"]
[EventDate "2018.10.07"]
[EventType "swiss"]
[EventCountry "RUS"]
[SourceTitle "playchess.com"]
[Source "ChessBase"]
[SourceQuality "1"]

1. e4 c5 2. Nf3 e6 3. g3 d5 4. exd5 exd5 5. d4 Nc6 6. Bg2 Bd6 7. O-O Nge7 8. dxc5 Bxc5 9. Nbd2 O-O 10. Nb3 Bb6 11. h3 d4 12. a4 a6 13. a5 Ba7 14. Bg5 f6 15. Bf4 Be6 16. Re1 Bf7 17. Bd2 Qd7 18. Nc1 Rac8 19. Nd3 Rfd8 20. Qe2 Ng6 21. Rac1 Re8 22. Qf1 Rxe1 23. Rxe1 Nce7 24. Rc1 Nd5 25. h4 Be6 26. h5 Nge7 27. h6 Ne3 28. Qe2 Nxg2 29. Kxg2 Ng6 30. hxg7 Bd5 31. Nf4 Nxf4+ 32. Bxf4 Re8 33. Qd3 Be4 34. Qb3+ Kxg7 35. Kg1 d3 36. Nd2 Bc6 37. Qxd3 Qh3 38. Nf3 h5 39. Rd1 h4 40. c4 0-1

[Event "RUS-ch Blitz Men 2018"]
[Site "Sochi"]
[Date "2018.10.07"]
[Round "8"]
[White "Hasangatin, Ramil"]
[Black "Alekseenko, Kirill"]
[Result "0-1"]
[WhiteElo "2485"]
[BlackElo "2639"]
[Annotator "TA"]
[PlyCount "137"]
[EventDate "2018.10.07"]
[EventType "swiss"]
[EventCountry "RUS"]
[SourceTitle "playchess.com"]
[Source "ChessBase"]
[SourceQuality "1"]

1. e4 c5 2. Nf3 Nc6 3. Bb5 g6 4. O-O Bg7 5. c3 Nf6 6. Qa4 O-O 7. d4 d5 8. e5 Ne4 9. Bxc6 bxc6 10. Qxc6 Bg4 11. Nbd2 Rc8 12. Qa4 Qb6 13. Nxe4 dxe4 14. dxc5 Qb7 15. c6 Qxc6 16. Qxc6 Rxc6 17. Nd4 Rb6 18. Re1 Bf5 19. e6 fxe6 20. b3 Rc8 21. Be3 Ra6 22. Ne2 Bg4 23. h3 Bxe2 24. Rxe2 Rxc3 25. Rd1 Rd6 26. Red2 Rcd3 27. Kf1 Bc3 28. Rxd3 exd3 29. Bxa7 e5 30. f3 Kf7 31. Bc5 Rd5 32. b4 Ke6 33. Kf2 Rd7 34. Ke3 d2 35. Ke2 Kf5 36. Be3 Bxb4 37. Bxd2 Ba3 38. Be3 Rb7 39. g4+ Ke6 40. Rd3 Bd6 41. Rd2 Rb1 42. Kf2 h5 43. Kg2 Rb4 44. Re2 Ra4 45. Bf2 Kd5 46. Bh4 Bc5 47. Bf2 Bd4 48. Bg3 Ra5 49. Kf1 Kc4 50. Rc2+ Kd3 51. Rc7 Ke3 52. Rxe7 Kxf3 53. Be1 Rxa2 54. gxh5 gxh5 55. Rf7+ Ke3 56. Rg7 Ra1 57. Rg3+ Kf4 58. Rb3 e4 59. Ke2 Ra2+ 60. Kf1 Be3 61. Rb5 Ra1 62. Ke2 Ra2+ 63. Kf1 h4 64. Rb7 Kf3 65. Rf7+ Bf4 66. Bxh4 Ra1+ 67. Be1 e3 68. Re7 Ra2 69. Re8 0-1

[Event "RUS-ch Blitz Men 2018"]
[Site "Sochi"]
[Date "2018.10.07"]
[Round "8"]
[White "Chekhov, Sergei"]
[Black "Bocharov, Dmitry"]
[Result "1-0"]
[WhiteElo "2463"]
[BlackElo "2557"]
[Annotator "TA"]
[PlyCount "61"]
[EventDate "2018.10.07"]
[EventType "swiss"]
[EventCountry "RUS"]
[SourceTitle "playchess.com"]
[Source "ChessBase"]
[SourceQuality "1"]

1. e4 g6 2. d4 Bg7 3. c3 d6 4. Bd3 e5 5. Nf3 Nc6 6. Bc2 Qe7 7. O-O Nf6 8. Re1 O-O 9. h3 h6 10. Nbd2 Nh5 11. Nc4 Bd7 12. a4 Rae8 13. a5 Nf6 14. dxe5 dxe5 15. b3 Rd8 16. Ba3 Qe8 17. Qe2 Nh5 18. Qe3 b5 19. axb6 axb6 20. Rad1 Ra8 21. Bxf8 Bxf8 22. b4 b5 23. Ncxe5 Nxe5 24. Nxe5 Qxe5 25. Rxd7 Bd6 26. g3 Ra3 27. Qxh6 Qe8 28. e5 Qxd7 29. exd6 cxd6 30. Qg5 Kg7 31. Bxg6 1-0

[Event "RUS-ch Blitz Men 2018"]
[Site "Sochi"]
[Date "2018.10.07"]
[Round "8"]
[White "Pogromsky, Mikhail"]
[Black "Chizhikov, Vladislav"]
[Result "0-1"]
[WhiteElo "2462"]
[BlackElo "2304"]
[Annotator "TA"]
[PlyCount "99"]
[EventDate "2018.10.07"]
[EventType "swiss"]
[EventCountry "RUS"]
[SourceTitle "playchess.com"]
[Source "ChessBase"]
[SourceQuality "1"]

1. d4 d5 2. Nc3 c6 3. e4 dxe4 4. Bc4 Nf6 5. f3 e3 6. Bxe3 Bf5 7. g4 Bg6 8. h4 h5 9. g5 Nd5 10. Nxd5 cxd5 11. Bd3 Bxd3 12. Qxd3 g6 13. O-O-O Nc6 14. Qb3 Qd7 15. f4 Na5 16. Qd3 Rc8 17. b3 e6 18. Nf3 Bd6 19. Ne5 Bxe5 20. dxe5 a6 21. Rhg1 Qb5 22. Qd2 Nc6 23. c4 Ne7 24. c5 Nf5 25. Bf2 O-O 26. Kb2 Rc7 27. Qd3 Qc6 28. Rc1 Rd8 29. Qf3 Qb5 30. Rgd1 Rcd7 31. Qd3 Qc6 32. Qf3 Qb5 33. Qd3 Qc6 34. Qf3 Qb5 35. a4 Qc6 36. Ka3 a5 37. Qc3 Ra8 38. Qd3 d4 39. Qb5 Qd5 40. c6 bxc6 41. Qxc6 Rb8 42. Qxd5 Rxd5 43. Rd3 Kf8 44. Rc4 Rbd8 45. b4 axb4+ 46. Kxb4 Rb8+ 47. Ka3 Rb1 48. Bxd4 Kg7 49. Ka2 Rf1 50. Ra3 0-1

[Event "RUS-ch Blitz Men 2018"]
[Site "Sochi"]
[Date "2018.10.07"]
[Round "8"]
[White "Belyakov, Bogdan"]
[Black "Taysayev, Timur"]
[Result "1-0"]
[WhiteElo "2458"]
[BlackElo "2225"]
[Annotator "RC"]
[PlyCount "52"]
[EventDate "2018.10.07"]
[EventType "swiss"]
[EventCountry "RUS"]
[SourceTitle "playchess.com"]
[Source "ChessBase"]
[SourceQuality "1"]

1. e4 c5 2. c3 d5 3. exd5 Nf6 4. d4 cxd4 5. cxd4 Nxd5 6. Nc3 Nc6 7. Nf3 Bf5 8. Bc4 e6 9. O-O Be7 10. Bxd5 exd5 11. Qb3 Nb4 12. Ne1 O-O 13. Be3 Be6 14. a3 Nc6 15. Nd3 Na5 16. Qd1 Rc8 17. Nf4 Qd7 18. Re1 Nc4 19. Qe2 Rfe8 20. Nxe6 Qxe6 21. Rac1 Bf6 22. Qf3 Rcd8 23. Nxd5 Rxd5 24. Rxc4 Bxd4 25. Rc2 Bf6 26. h3 h6 1-0

[Event "RUS-ch Blitz Men 2018"]
[Site "Sochi"]
[Date "2018.10.07"]
[Round "8"]
[White "Gutenev, Alexander"]
[Black "Cherenkov, Andrey"]
[Result "1-0"]
[WhiteElo "2456"]
[BlackElo "2226"]
[Annotator "TA"]
[PlyCount "141"]
[EventDate "2018.10.07"]
[EventType "swiss"]
[EventCountry "RUS"]
[SourceTitle "playchess.com"]
[Source "ChessBase"]
[SourceQuality "1"]

1. e4 c6 2. d4 d5 3. Nd2 dxe4 4. Nxe4 Bf5 5. Ng3 Bg6 6. h4 h6 7. Nf3 Nd7 8. h5 Bh7 9. Bd3 Bxd3 10. Qxd3 e6 11. Bd2 Qc7 12. O-O-O Bd6 13. Ne4 Bf4 14. Bxf4 Qxf4+ 15. Kb1 O-O-O 16. g3 Qc7 17. c4 Ngf6 18. Nc3 e5 19. dxe5 Nxe5 20. Qf5+ Ned7 21. Rhe1 Rhe8 22. g4 Kb8 23. g5 hxg5 24. Nxg5 Nb6 25. b3 Rxe1 26. Rxe1 Nxh5 27. Nxf7 Rf8 28. Qxh5 Qxf7 29. Qe5+ Qc7 30. Qxc7+ Kxc7 31. Re7+ Nd7 32. Ne4 Kd8 33. Rxg7 Rf4 34. Nd6 Rxf2 35. Nxb7+ Kc8 36. Na5 Kc7 37. Rg6 Ne5 38. Re6 Re2 39. Nxc6 Re1+ 40. Kc2 Nf3 41. Rxe1 Nxe1+ 42. Kd1 Nd3 43. Nd4 Kb6 44. Kd2 Ne5 45. Kc3 a5 46. a3 Kc5 47. Nc2 Kb6 48. Ne3 Nc6 49. Nd5+ Kc5 50. b4+ axb4+ 51. axb4+ Kd6 52. Ne3 Ne5 53. Nf5+ Kc6 54. Nd4+ Kb6 55. c5+ Ka6 56. Kb3 Kb7 57. b5 Nd3 58. Kc4 Nb2+ 59. Kd5 Nd3 60. Nf5 Nf4+ 61. Kc4 Kc7 62. Ne3 Ne6 63. Nd5+ Kb7 64. c6+ Kc8 65. b6 Kb8 66. Kb5 Nd4+ 67. Kc5 Ne6+ 68. Kd6 Nd4 69. Ne7 Nb5+ 70. Kd7 Ka8 71. c7 1-0

[Event "RUS-ch Blitz Men 2018"]
[Site "Sochi"]
[Date "2018.10.07"]
[Round "8"]
[White "Drygalov, Sergey"]
[Black "Chigaev, Maksim"]
[Result "0-1"]
[WhiteElo "2446"]
[BlackElo "2599"]
[Annotator "TA"]
[PlyCount "57"]
[EventDate "2018.10.07"]
[EventType "swiss"]
[EventCountry "RUS"]
[SourceTitle "playchess.com"]
[Source "ChessBase"]
[SourceQuality "1"]

1. b3 g6 2. Bb2 Nf6 3. Bxf6 exf6 4. c4 d5 5. cxd5 Qxd5 6. Nc3 Qa5 7. g3 Ba3 8. Qc2 O-O 9. Nf3 Bf5 10. e4 Bg4 11. Bg2 Nc6 12. Nd5 Kg7 13. O-O Bd6 14. a3 Bxf3 15. Bxf3 Nd4 16. Qd3 Qxd2 17. Rad1 Qxd3 18. Rxd3 Nxf3+ 19. Rxf3 Be5 20. a4 c6 21. Ne3 Rad8 22. Nc4 Rd4 23. Re3 Rfd8 24. Kg2 Bc7 25. Rc1 Rd3 26. Rc3 Rxe3 27. Nxe3 Rd4 28. Kf3 Rd2 29. Nc4 0-1

[Event "RUS-ch Blitz Men 2018"]
[Site "Sochi"]
[Date "2018.10.07"]
[Round "8"]
[White "Oganian, Miran"]
[Black "Slavin, Alexey"]
[Result "1-0"]
[WhiteElo "2435"]
[BlackElo "2256"]
[Annotator "RC"]
[PlyCount "145"]
[EventDate "2018.10.07"]
[EventType "swiss"]
[EventCountry "RUS"]
[SourceTitle "playchess.com"]
[Source "ChessBase"]
[SourceQuality "1"]

1. d4 Nf6 2. c4 e6 3. g3 Bb4+ 4. Bd2 c5 5. Bxb4 cxb4 6. Bg2 O-O 7. e4 d6 8. Ne2 e5 9. O-O Nc6 10. a3 bxa3 11. Rxa3 Qb6 12. Rb3 Qc7 13. Na3 a6 14. Rc3 Bg4 15. f3 exd4 16. Nxd4 Qb6 17. Nac2 Be6 18. b3 Nd7 19. Rf2 Nxd4 20. Nxd4 Nc5 21. Bf1 a5 22. Nb5 Rfd8 23. Kg2 a4 24. b4 Nb3 25. f4 Bd7 26. Rfc2 Bc6 27. Bd3 h6 28. Kh1 f5 29. Qf3 Bxb5 30. cxb5 Nd4 31. Qf2 fxe4 32. Bxe4 Qa7 33. b6 Qxb6 34. Rd2 Qxb4 35. Qxd4 Qxd4 36. Rxd4 a3 37. Rc2 a2 38. Rxa2 Rxa2 39. Bd5+ Kf8 40. Bxa2 Ke7 41. Bd5 b5 42. Kg2 Rb8 43. Rb4 Kd7 44. Kf3 Kc7 45. Kg4 Kb6 46. Rb1 Kc5 47. Be6 d5 48. Kf5 b4 49. Kg6 b3 50. Kxg7 b2 51. Bf5 Kc4 52. Kxh6 Kc3 53. Rd1 d4 54. Rd3+ Kc4 55. Rd1 Kc3 56. Bd3 Re8 57. Bf5 Re3 58. g4 d3 59. g5 d2 60. g6 Re1 61. Rxd2 Kxd2 62. g7 Rg1 63. h4 Ke3 64. h5 Kxf4 65. Bb1 Rg5 66. Ba2 Rg1 67. Kh7 Kf5 68. h6 Kf6 69. Kh8 Rh1 70. h7 Ra1 71. g8=Q b1=Q 72. Bxb1 Rxb1 73. Qg7+ 1-0

[Event "RUS-ch Blitz Men 2018"]
[Site "Sochi"]
[Date "2018.10.07"]
[Round "8"]
[White "Tsoi, Dmitry"]
[Black "Khanin, Semen"]
[Result "1-0"]
[WhiteElo "2429"]
[BlackElo "2510"]
[Annotator "RC"]
[PlyCount "105"]
[EventDate "2018.10.07"]
[EventType "swiss"]
[EventCountry "RUS"]
[SourceTitle "playchess.com"]
[Source "ChessBase"]
[SourceQuality "1"]

1. c4 e5 2. Nc3 Nf6 3. g3 c6 4. Bg2 d5 5. cxd5 cxd5 6. d4 exd4 7. Qxd4 Nc6 8. Qd1 d4 9. Ne4 Nxe4 10. Bxe4 Be7 11. Bg2 O-O 12. Nf3 Bf5 13. O-O d3 14. exd3 Qxd3 15. Qxd3 Bxd3 16. Re1 Bf6 17. Bf1 Bg6 18. Bc4 Nb4 19. Bb3 Nd3 20. Re2 Rac8 21. Be3 Rfe8 22. Rd1 a6 23. Rdd2 Rc1+ 24. Kg2 Be4 25. Rc2 Ne1+ 26. Rxe1 Rxe1 27. Rc4 Re2 28. Rb4 Rxb2 29. g4 h6 30. Kg3 b5 31. g5 Bc3 32. g6 Bxg6 33. Rg4 h5 34. Rxg6 Rxb3 35. Rxa6 Rb2 36. h4 b4 37. Ng5 Be5+ 38. Kf3 Bf6 39. Ne4 Bxh4 40. Bd4 Rc2 41. Nd6 Re6 42. Ra8+ Kh7 43. Nxf7 Rc4 44. Rh8+ Kg6 45. Ne5+ Rxe5 46. Bxe5 Bf6 47. Bxf6 gxf6 48. Rb8 Kg5 49. Rb5+ f5 50. Kg3 h4+ 51. Kg2 Kg4 52. Ra5 f4 53. f3# 1-0

[Event "RUS-ch Blitz Men 2018"]
[Site "Sochi"]
[Date "2018.10.07"]
[Round "8"]
[White "Malakhov, Igor"]
[Black "Indzhiev, Aldar"]
[Result "0-1"]
[WhiteElo "2423"]
[BlackElo "2218"]
[Annotator "TA"]
[PlyCount "116"]
[EventDate "2018.10.07"]
[EventType "swiss"]
[EventCountry "RUS"]
[SourceTitle "playchess.com"]
[Source "ChessBase"]
[SourceQuality "1"]

1. e4 c5 2. Nf3 d6 3. d4 cxd4 4. Nxd4 Nf6 5. Nc3 g6 6. Be3 Bg7 7. f3 O-O 8. Qd2 Nc6 9. O-O-O Nxd4 10. Bxd4 Be6 11. Kb1 Qc7 12. g4 Rfc8 13. h4 Qa5 14. a3 Rab8 15. h5 b5 16. h6 Bh8 17. g5 Ne8 18. Nd5 Qxd2 19. Nxe7+ Kf8 20. Rxd2 Bxd4 21. Nxc8 Be5 22. Nxa7 Bf4 23. Rd4 Be3 24. Nc6 Rb6 25. Rd3 Bxg5 26. Nd4 Bd7 27. Rb3 Nc7 28. c4 Bf6 29. Nxb5 Ne6 30. a4 Nc5 31. Ra3 Be5 32. Be2 f5 33. a5 Rc6 34. exf5 Bxf5+ 35. Ka2 Na6 36. Nc3 Be6 37. Ra4 Nc5 38. Rb4 Ra6 39. Rb8+ Kf7 40. Rb5 Bd7 41. Kb1 Bxb5 42. Nxb5 Rxa5 43. b4 Ra1+ 44. Kc2 Rxh1 45. bxc5 dxc5 46. Na7 Rxh6 47. Nc6 Bd4 48. Kd3 Rh1 49. Ke4 Re1 50. Kd3 h5 51. f4 h4 52. Bg4 Rg1 53. Bd7 h3 54. Nxd4 cxd4 55. c5 h2 56. c6 h1=Q 57. c7 Rc1 58. c8=Q Rxc8 0-1

[Event "RUS-ch Blitz Men 2018"]
[Site "Sochi"]
[Date "2018.10.07"]
[Round "8"]
[White "Dzhumagaliev, Yan"]
[Black "Murzin, Volodar"]
[Result "1/2-1/2"]
[WhiteElo "2410"]
[BlackElo "2340"]
[Annotator "TA"]
[PlyCount "270"]
[EventDate "2018.10.07"]
[EventType "swiss"]
[EventCountry "RUS"]
[SourceTitle "playchess.com"]
[Source "ChessBase"]
[SourceQuality "1"]

1. h4 Nf6 2. h5 h6 3. d4 d5 4. Nf3 c5 5. c3 e6 6. Bf4 Bd6 7. Ne5 Nc6 8. e3 Qc7 9. Nd3 Bxf4 10. Nxf4 cxd4 11. cxd4 Bd7 12. Nc3 a6 13. Be2 Rc8 14. Nd3 b6 15. Rc1 Qd6 16. Qa4 Nb8 17. Qb4 Qxb4 18. Nxb4 a5 19. Nd3 Nc6 20. Na4 Rb8 21. b3 Ke7 22. f3 Rhc8 23. Kd2 Kd8 24. g4 Na7 25. Ne5 Be8 26. Rxc8+ Nxc8 27. Bd3 Nd6 28. Rc1 Bxa4 29. bxa4 Rc8 30. Rb1 Nc4+ 31. Bxc4 dxc4 32. e4 Nd7 33. Nxd7 Kxd7 34. Rxb6 c3+ 35. Kc2 Rc4 36. Rb7+ Ke8 37. Ra7 Rxa4 38. Kxc3 Rxa2 39. Kc4 Rc2+ 40. Kb5 Rc3 41. d5 exd5 42. exd5 a4 43. Rxa4 Kd7 44. Ra7+ Kd6 45. Rxf7 Kxd5 46. Rf5+ Ke6 47. Kb4 Rc8 48. Kb5 Rc1 49. Kb6 Rc3 50. Kb7 Rc4 51. Rf8 Ke7 52. Rf5 Ke6 53. Kb6 Rc3 54. Kb5 Rc1 55. Kb4 Rc8 56. f4 Rc1 57. Re5+ Kf6 58. Rc5 Rg1 59. Rc6+ Kf7 60. Rg6 Rc1 61. Kb3 Rc8 62. Rd6 Rc1 63. Rd7+ Kf6 64. Rd6+ Kf7 65. Rg6 Rf1 66. f5 Rf4 67. Kc3 Ra4 68. Kd3 Rb4 69. Ke3 Ra4 70. Kf3 Rb4 71. Kg3 Rb1 72. Ra6 Rg1+ 73. Kf3 Rf1+ 74. Kg2 Rb1 75. Ra4 Rb3 76. Ra6 Rc3 77. Re6 Rb3 78. Kf2 Ra3 79. Re3 Ra1 80. Kf3 Rf1+ 81. Kg3 Rg1+ 82. Kf4 Rf1+ 83. Ke5 Rg1 84. Re4 Ra1 85. Rb4 Re1+ 86. Kd5 Kf6 87. Rb6+ Kf7 88. Rg6 Rd1+ 89. Ke4 Re1+ 90. Kf4 Rf1+ 91. Ke3 Re1+ 92. Kf2 Ra1 93. Re6 Ra3 94. Ke2 Rg3 95. Re4 Kf6 96. Kf2 Ra3 97. Re6+ Kf7 98. Re3 Ra1 99. Kf3 Rf1+ 100. Ke4 Rg1 101. Kf4 Rf1+ 102. Rf3 Ra1 103. Rc3 Ra4+ 104. Kg3 Kf6 105. Rc6+ Kf7 106. Re6 Ra3+ 107. Kf4 Ra4+ 108. Re4 Ra1 109. Re3 Ra4+ 110. Re4 Ra1 111. Rd4 Rf1+ 112. Kg3 Ra1 113. Re4 Kf6 114. Re6+ Kf7 115. Rb6 Ra4 116. Kh4 Rc4 117. Rb7+ Kf6 118. Rb8 Rc1 119. Rf8+ Ke7 120. Ra8 Rc3 121. Ra4 Kf6 122. Ra6+ Kf7 123. Rd6 Rb3 124. Rd4 Rf3 125. Ra4 Kf6 126. Ra6+ Kf7 127. Rb6 Ra3 128. Rb4 Kf6 129. Re4 Rf3 130. Re1 Ra3 131. Rg1 Rb3 132. g5+ hxg5+ 133. Rxg5 Rh3+ 134. Kxh3 Kxg5 135. h6 gxh6 1/2-1/2

[Event "RUS-ch Blitz Men 2018"]
[Site "Sochi"]
[Date "2018.10.07"]
[Round "8"]
[White "Nechaev, Oleg"]
[Black "Gordievsky, Dmitry"]
[Result "0-1"]
[WhiteElo "2400"]
[BlackElo "2615"]
[Annotator "ChessBase"]
[PlyCount "71"]
[EventDate "2018.10.07"]
[EventType "swiss"]
[EventCountry "RUS"]
[SourceTitle "playchess.com"]
[Source "ChessBase"]
[SourceQuality "1"]

1. c4 Nf6 2. Nc3 g6 3. g3 Bg7 4. Bg2 O-O 5. e4 c5 6. Nge2 Nc6 7. d3 d6 8. O-O Ne8 9. Be3 Nd4 10. Rb1 Nc7 11. b4 b6 12. Qd2 Bb7 13. Bh6 e6 14. Nxd4 cxd4 15. Bxg7 Kxg7 16. Ne2 e5 17. f4 f6 18. f5 Qe7 19. g4 gxf5 20. gxf5 Kh8 21. Ng3 Rg8 22. Qh6 Rg5 23. Rfc1 Bc6 24. Rb2 Rag8 25. a4 Qg7 26. Qxg7+ R5xg7 27. b5 Bd7 28. a5 Be8 29. axb6 axb6 30. Ra1 h5 31. Kh1 h4 32. Nf1 h3 33. Ng3 hxg2+ 34. Kxg2 Bh5 35. Ra7 Nd5 36. Rxg7 0-1

[Event "RUS-ch Blitz Men 2018"]
[Site "Sochi"]
[Date "2018.10.07"]
[Round "8"]
[White "Yashmetov, Mikhail"]
[Black "Balashov, Yuri S"]
[Result "1-0"]
[WhiteElo "2394"]
[BlackElo "2429"]
[Annotator "TA"]
[PlyCount "69"]
[EventDate "2018.10.07"]
[EventType "swiss"]
[EventCountry "RUS"]
[SourceTitle "playchess.com"]
[Source "ChessBase"]
[SourceQuality "1"]

1. Nf3 d5 2. g3 Nf6 3. Bg2 Nc6 4. d4 Bf5 5. O-O e6 6. c4 Be7 7. Nc3 Ne4 8. cxd5 exd5 9. Qb3 Nxc3 10. bxc3 Na5 11. Qa4+ c6 12. Ne5 O-O 13. Bf4 f6 14. Nd3 b5 15. Qd1 Nc4 16. a4 Bxd3 17. exd3 Nb2 18. Qc2 Nxa4 19. c4 Qd7 20. Qb3 Rfd8 21. cxb5 cxb5 22. Rfc1 Nb6 23. Rc7 Qe6 24. Qxb5 g5 25. Bd2 Qe2 26. Re1 Qxd2 27. Rexe7 Qd1+ 28. Bf1 Qh5 29. Rg7+ Kh8 30. Qc6 Qh6 31. Rxh7+ Qxh7 32. Qxf6+ Kg8 33. Qxg5+ Kh8 34. Rxh7+ Kxh7 35. Bh3 1-0

[Event "RUS-ch Blitz Men 2018"]
[Site "Sochi"]
[Date "2018.10.07"]
[Round "8"]
[White "Truskavetsky, Alexandr"]
[Black "Vastrukhin, Oleg"]
[Result "0-1"]
[WhiteElo "2393"]
[BlackElo "2413"]
[Annotator "TA"]
[PlyCount "56"]
[EventDate "2018.10.07"]
[EventType "swiss"]
[EventCountry "RUS"]
[SourceTitle "playchess.com"]
[Source "ChessBase"]
[SourceQuality "1"]

1. d4 g6 2. e4 Bg7 3. Nf3 c6 4. Be3 d5 5. Nc3 dxe4 6. Nxe4 Nf6 7. Nxf6+ exf6 8. Bc4 O-O 9. O-O a5 10. a4 Nd7 11. Bb3 Nb6 12. Qd2 Re8 13. h3 Nd5 14. Bh6 Bh8 15. Rfe1 Be6 16. c3 Qb6 17. Bc4 Re7 18. Bxd5 cxd5 19. Bf4 Rae8 20. Re3 Bd7 21. Ne1 g5 22. Rxe7 Rxe7 23. Bxg5 fxg5 24. Qxg5+ Kf8 25. Nd3 Qg6 26. Qd2 Bxh3 27. Nf4 Qh6 28. gxh3 Re4 0-1

[Event "RUS-ch Blitz Men 2018"]
[Site "Sochi"]
[Date "2018.10.07"]
[Round "8"]
[White "Ozgibcev, Anatoly"]
[Black "Kryakvin, Dmitry"]
[Result "1/2-1/2"]
[WhiteElo "2368"]
[BlackElo "2595"]
[Annotator "TA"]
[PlyCount "195"]
[EventDate "2018.10.07"]
[EventType "swiss"]
[EventCountry "RUS"]
[SourceTitle "playchess.com"]
[Source "ChessBase"]
[SourceQuality "1"]

1. e4 c5 2. c3 g6 3. d4 cxd4 4. cxd4 d5 5. exd5 Nf6 6. Nc3 Nxd5 7. Nf3 Bg7 8. Be2 O-O 9. O-O Nc6 10. Bg5 h6 11. Be3 Be6 12. Qd2 Kh7 13. Rac1 Rc8 14. Rfd1 Qa5 15. Nxd5 Qxd2 16. Rxd2 Bxd5 17. a3 Nxd4 18. Rxd4 Rxc1+ 19. Bxc1 Bxf3 20. Rd2 Bxe2 21. Rxe2 Rd8 22. Kf1 e6 23. Rc2 Rd7 24. Ke2 g5 25. Be3 a6 26. b3 Kg6 27. a4 f5 28. Bb6 g4 29. Rc7 Rxc7 30. Bxc7 e5 31. h3 gxh3 32. gxh3 e4 33. f3 h5 34. Ke3 Bh6+ 35. Ke2 Kf6 36. Bd6 Ke6 37. Bc7 Kd5 38. Bb6 Bf8 39. Bf2 Bc5 40. Be1 Ke5 41. Bg3+ Kf6 42. Bh4+ Ke6 43. Bg3 Kd5 44. Bh4 Bd6 45. Bf2 Bc7 46. Bg1 Bf4 47. Bf2 Kc6 48. Bd4 b5 49. axb5+ Kxb5 50. Bc3 Kc5 51. fxe4 fxe4 52. Be1 Kd4 53. Bb4 Bc7 54. Bd2 Ke5 55. Be3 Kf5 56. Bd2 Bf4 57. Ba5 Bc1 58. Bc7 Kg5 59. Bg3 Bf4 60. Bf2 Kf5 61. Be1 Ke6 62. Bf2 Kd5 63. Bb6 Bg5 64. Ba7 Ke5 65. Bb8+ Kf5 66. Bg3 Bf4 67. Bh4 Bd6 68. Bf2 Kf4 69. Be1 Be7 70. Bf2 Bd8 71. Be1 e3 72. Bb4 Bb6 73. Bd6+ Ke4 74. Bg3 Bd4 75. Be1 Be5 76. Bh4 Bf4 77. Be1 Kd4 78. Kf3 Bh6 79. Ke2 Ke4 80. Bg3 Bg5 81. Bc7 Bf4 82. Bd8 Kd4 83. Bf6+ Kc5 84. Bc3 Kd5 85. Be1 Kd4 86. Ba5 Ke4 87. Be1 Kf5 88. Kf3 Bh6 89. Bg3 e2 90. Kxe2 Ke4 91. Bf2 Bf4 92. Be1 Be5 93. Bf2 Kf4 94. Be1 Ke4 95. Bf2 Bf6 96. Bg3 Kd4 97. Be1 Be5 98. Bd2 1/2-1/2

[Event "RUS-ch Blitz Men 2018"]
[Site "Sochi"]
[Date "2018.10.07"]
[Round "8"]
[White "Ivlev, Aleksey"]
[Black "Sychev, Klementy"]
[Result "0-1"]
[WhiteElo "2326"]
[BlackElo "2534"]
[Annotator "ChessBase"]
[PlyCount "50"]
[EventDate "2018.10.07"]
[EventType "swiss"]
[EventCountry "RUS"]
[SourceTitle "playchess.com"]
[Source "ChessBase"]
[SourceQuality "1"]

1. d4 g6 2. c4 Bg7 3. Nf3 Nf6 4. Nc3 d6 5. e4 Bg4 6. Be2 O-O 7. Ng1 Bxe2 8. Ngxe2 c5 9. d5 e6 10. O-O exd5 11. exd5 Nbd7 12. Bf4 Nb6 13. Qb3 Nh5 14. Bd2 Rb8 15. Ng3 Nxg3 16. fxg3 Nd7 17. Ne4 Ne5 18. Bg5 f6 19. Bf4 Re8 20. Rae1 Qd7 21. Bh6 Bh8 22. Rxf6 Ng4 23. Rxd6 Qxd6 24. Bf4 Bd4+ 25. Kh1 Nf2+ 0-1